000 00424nam a2200157 i 4500
001 109003
003 ES-MaACL
005 20230906184746.0
007 t|
008 061121s1937 sp r ||||1| spa d
100 1 _aMoya, Salvador de.
_983962
245 1 0 _aCatálogo de autores genealógicos /
_cSalvador de Moya.
260 _aSâo Paulo :
_b[s.n],
_c1937.
300 _a85 p. ;
_c23 cm.
852 _aES-MaACL
_j1818-F-26
999 _c109003
_d109003